Jak se tvoří cena?
Aspekty tvorby cien nových automobilov. Kritériá cenotvorby. Cenníkové ceny. Modelovanie ceny. Cenová stratégia. Nacenenie výbavy automobilu. Mapovanie predajných cien.
Salvato in:
| Autore principale: | |
|---|---|
| Natura: | Capitolo di libro |
| Lingua: | ceco |
| Soggetti: | |
| Tags: |
Nessun Tag, puoi essere il primo ad aggiungerne!!
|
MARC
| LEADER | 00000naa a2200000 4500 | ||
|---|---|---|---|
| 001 | 0151327 | ||
| 005 | 20240315071858.9 | ||
| 041 | 0 | |a cze | |
| 044 | |a CZ | ||
| 245 | 1 | 0 | |a Jak se tvoří cena? |c Jiří Boháček |
| 520 | |a Aspekty tvorby cien nových automobilov. Kritériá cenotvorby. Cenníkové ceny. Modelovanie ceny. Cenová stratégia. Nacenenie výbavy automobilu. Mapovanie predajných cien. | ||
| 610 | 2 | 0 | |a ceny |
| 610 | 2 | 0 | |a ceny cenníkové |
| 610 | 2 | 0 | |a ceny predajné |
| 610 | 2 | 0 | |a tvorba cien |
| 610 | 2 | 0 | |a modelovanie |
| 610 | 2 | 0 | |a automobily |
| 610 | 2 | 0 | |a marketing |
| 100 | 1 | |a Boháček, Jiří | |